Normal view
MARC view
- الفلاسفة الإنجليز -- تراجم -ديوي، جون، 1859-1952
Entry Topical Term
001 - CONTROL NUMBER
- control field: 39322
003 - CONTROL NUMBER IDENTIFIER
- control field: JO-AjAnu
005 - DATE AND TIME OF LATEST TRANSACTION
- control field: 20230606080536.0
008 - FIXED-LENGTH DATA ELEMENTS
- fixed length control field: 230606|| aca||aabn | a|a d
040 ## - CATALOGING SOURCE
- Original cataloging agency: JO-AjAnu
- Transcribing agency: JO-AjAnu
150 ## - HEADING--TOPICAL TERM
- Topical term or geographic name entry element: الفلاسفة الإنجليز -- تراجم -ديوي، جون، 1859-1952
670 ## - SOURCE DATA FOUND
- Source citation: Work cat.: (JO-AjAnu)20165: الاهواني، أحمد فؤاد, author 39321, جون ديوي